000 00751nam a2200217Ia 4500
003 Ost
005 20260507075051.0
008 260507s9999||||xx |||||||||||||| ||und||
040 _cfsecg
041 _aara
082 _a658
100 _aشريف، علي
_eمؤلف
245 0 _aمبادئ الإدارة /
_c علي شريف
260 _aالاسكندرية:
_bالدار الجامعية,
_c2001
300 _a403 صفحة؛
_bإيضاحات ؛
_c24 سم
520 _aالتخطيط الاداري، مبادئ الإدارة، مدخل الأنظمة في تحليل العملية الإدارية
653 _aادارة الاعمال
653 _aالادارة
653 _aالتخطيط الاداري
942 _cكتاب
999 _c42656
_d42656